<?xml version="1.0" encoding="UTF-8"?><?xml-stylesheet type="text/xsl" href="static/style.xsl"?><OAI-PMH xmlns="http://www.openarchives.org/OAI/2.0/" xmlns:xsi="http://www.w3.org/2001/XMLSchema-instance" xsi:schemaLocation="http://www.openarchives.org/OAI/2.0/ http://www.openarchives.org/OAI/2.0/OAI-PMH.xsd"><responseDate>2026-04-17T02:51:45Z</responseDate><request verb="GetRecord" identifier="oai:www.recercat.cat:2117/446285" metadataPrefix="marc">https://recercat.cat/oai/request</request><GetRecord><record><header><identifier>oai:recercat.cat:2117/446285</identifier><datestamp>2026-02-04T04:55:24Z</datestamp><setSpec>com_2072_1033</setSpec><setSpec>col_2072_452950</setSpec></header><metadata><record xmlns="http://www.loc.gov/MARC21/slim" xmlns:dcterms="http://purl.org/dc/terms/" xmlns:xsi="http://www.w3.org/2001/XMLSchema-instance" xmlns:doc="http://www.lyncode.com/xoai" xsi:schemaLocation="http://www.loc.gov/MARC21/slim http://www.loc.gov/standards/marcxml/schema/MARC21slim.xsd">
   <leader>00925njm 22002777a 4500</leader>
   <datafield ind2=" " ind1=" " tag="042">
      <subfield code="a">dc</subfield>
   </datafield>
   <datafield ind2=" " ind1=" " tag="720">
      <subfield code="a">Elizalde Huitrón, Sergio Alberto</subfield>
      <subfield code="e">author</subfield>
   </datafield>
   <datafield ind2=" " ind1=" " tag="720">
      <subfield code="a">Casas Quesada, Casimir</subfield>
      <subfield code="e">author</subfield>
   </datafield>
   <datafield ind2=" " ind1=" " tag="720">
      <subfield code="a">Cabrera Marrero, José M.</subfield>
      <subfield code="e">author</subfield>
   </datafield>
   <datafield ind2=" " ind1=" " tag="260">
      <subfield code="c">2025-02</subfield>
   </datafield>
   <datafield ind2=" " ind1=" " tag="520">
      <subfield code="a">Shear spinning is an incremental metal forming technique with several advantages when compared with traditional sheet metal forming technologies, including low force requirements, simpler tools, and the capability to produce complex geometries. In this process, a large deformation can be applied due to the localized compressive and shear stresses, which enhance the ductility more than conventional forming processes. Therefore, the final part improves considerably its mechanical properties due to the associated work hardening. Nevertheless, the shear spinning technology involves a complex material flow that is highly dependent on the process parameters. In consequence, it is essential to study the effect of the different parameters on the formability of any material in the shear spinning process, but more importantly, to develop a method to predict the forming limit in terms of such parameters to get most of the process. In this work, a novel approach to study the formability in terms of the radial force was introduced. In this sense, shear spinning experiments on mild steel (DC-04) and martensitic stainless steel (AISI 420) were carried out, to derive forming limit maps as a function of the mandrel wall angle (30–7°), the spindle speed (400–1000 rpm), the feed rate (0.01–1.2 mm/rev), and the roller attack angle (0–30°). It was found that the maximum thickness reduction that the materials can withstand was 84% and 80% for the DC-04 and AISI 420, respectively. The results showed that the spindle speed presents a minor effect while the feed rate and radial force greatly affect the formability; therefore, a parametric equation was proposed to describe the boundary between the safe and failure zones in terms of the maximum thickness reduction. Regarding the mechanical properties, the maximum hardness increment regarding the as-received materials was 73% and 42% for the DC-04 and AISI 420, respectively.</subfield>
   </datafield>
   <datafield ind2=" " ind1=" " tag="520">
      <subfield code="a">The authors acknowledge the funding support from the Spanish “Agencia Estatal de Investigacion (AEI)” through project CONDISIM RTC-2017-6169-5. The collaboration of Industrias Puigjaner S.A (DENN) is also gratefully recognized. S. Elizalde also acknowledges AGAUR (Generalitat de Catalunya) for his Ph.D. grant 2019FI-B00172. P. Coyoy acknowledges his master’s degree grant provided by the European Commission through the AMASE program. Valuable technical support provided by K. Albo, and I. Lopez is also acknowledged.</subfield>
   </datafield>
   <datafield ind2=" " ind1=" " tag="520">
      <subfield code="a">7 - Energia Assequible i No Contaminant</subfield>
   </datafield>
   <datafield ind2=" " ind1=" " tag="520">
      <subfield code="a">9 - Indústria, Innovació i Infraestructura</subfield>
   </datafield>
   <datafield ind2=" " ind1=" " tag="520">
      <subfield code="a">12 - Producció i Consum Responsables</subfield>
   </datafield>
   <datafield ind2=" " ind1=" " tag="520">
      <subfield code="a">Postprint (published version)</subfield>
   </datafield>
   <datafield tag="653" ind2=" " ind1=" ">
      <subfield code="a">Àrees temàtiques de la UPC::Enginyeria dels materials</subfield>
   </datafield>
   <datafield tag="653" ind2=" " ind1=" ">
      <subfield code="a">Shear spinning</subfield>
   </datafield>
   <datafield tag="653" ind2=" " ind1=" ">
      <subfield code="a">Forming limit</subfield>
   </datafield>
   <datafield tag="653" ind2=" " ind1=" ">
      <subfield code="a">Incremental forming</subfield>
   </datafield>
   <datafield tag="653" ind2=" " ind1=" ">
      <subfield code="a">Spinning</subfield>
   </datafield>
   <datafield tag="653" ind2=" " ind1=" ">
      <subfield code="a">Flow forming</subfield>
   </datafield>
   <datafield ind2="0" ind1="0" tag="245">
      <subfield code="a">Study of the effect of the process parameters on the forming limit in shear spinning processes</subfield>
   </datafield>
</record></metadata></record></GetRecord></OAI-PMH>